Statistics for Fifa 13 Ultimate Team Liga BBVA Best Players

Click here to take the quiz!

General Stats

  • This quiz has been taken 1,022 times
  • The average score is 15 of 17

Answer Stats

HintAnswer% Correct
LW Portugal 92Cristiano Ronaldo dos Santos Aveiro
98%
CF Argentina 94Lionel Messi
98%
GK Spain 89Iker Casillas Fernandez
95%
CM Spain 90Xavier Hernandez Creus
95%
LM Spain 90Andres Iniesta Lujan
94%
CB Spain 87Sergio Ramos Garcia
94%
LB Brazil 83Marcelo Vieira da Silva
93%
RB Brazil 84Daniel Alves da Silva
92%
ST France 87Karim Benzema
92%
RW Chile 85Alexis Sanchez
91%
CAM Croatia 86Luka Modric
91%
ST Colombia 88Radamel Falcao Garcia Zarate
91%
RM Argentina 86Angel Di Maria
90%
CAM Germany 87Mesut Ozil
87%
CDM Spain 85Sergio Busquets Burgos
86%
ST Argentina 85Gonzalo Higuain
81%
CAM Spain 87Francesc Fabregas i Soler
69%

Score Distribution

Percentile by Number Answered

Percent of People with Each Score

Your Score History

You have not taken this quiz